Zpravodaj Federálního ministerstva práce a sociálních věcí

Na minha lista:
Detalhes bibliográficos
Formato: Periódico
Idioma:tcheco
Publicado em: Praha Fed. min. práce a soc. věcí
Tags: Adicionar Tag
Sem tags, seja o primeiro a adicionar uma tag!

MARC

LEADER 00000nas1a22000001 4500
001 s120948
005 20041019155347.1
041 0 |a cze 
044 |a CZ 
245 1 0 |a Zpravodaj Federálního ministerstva práce a sociálních věcí 
264 1 |a Praha  |b Fed. min. práce a soc. věcí